The nature of office space market heterogeneity : empirical evidence and implications for market forecasting
| Main Author: | |
|---|---|
| Format: | Book |
| Published: |
[Bloomington, IN] :
Real Estate Research Institute ,
1997
|
| Subjects: |
MARC
| LEADER | 00000cam a2200000 7i4500 | ||
|---|---|---|---|
| 001 | 0000006872 | ||
| 005 | 20030123.0 | ||
| 040 | |a INS | ||
| 090 | 0 | 0 | |a HD1393 |b A177 1997 |
| 100 | 1 | |a Archer, Wayne R. | |
| 245 | 1 | 4 | |a The nature of office space market heterogeneity : |b empirical evidence and implications for market forecasting |c Wayne R. Archer |
| 260 | |a [Bloomington, IN] : |b Real Estate Research Institute , |c 1997 | ||
| 300 | |a 30 p. ; |c 27cm. | ||
| 650 | 0 | 0 | |a Offices |
| 999 | |a 0000007528 |b BOOK |c Open Shelf |e Default branch | ||